|
|
|
|
| LEADER |
00000cam a2200000 a 4500 |
| 001 |
91552 |
| 005 |
20230308163812.0 |
| 008 |
997061|1967 ||||||||r|||||||||||spa|| |
| 040 |
|
|
|b spa
|
| 041 |
0 |
|
|a Español
|
| 082 |
0 |
|
|a 340.1
|
| 100 |
1 |
|
|a Goldschmidt, Werner
|9 42331
|
| 245 |
1 |
1 |
|a Introducción al derecho: la teoría trialista del mundo jurídico y sus horizontes
|c Werner Goldschmidt
|h imp
|
| 250 |
|
|
|a 3a. ed.
|
| 264 |
|
|
|a Buenos Aires
|b Ediciones Depalma
|c 1967
|
| 300 |
|
|
|a xxxi, 608 páginas:
|
| 520 |
3 |
|
|a Contiene: la teoría trialista del mundo jurídico y sus horizontes
|
| 650 |
|
|
|a Introduccion al derecho
|9 42110
|
| 650 |
|
0 |
|a Filosofía del derecho
|9 7627
|
| 852 |
|
|
|a UC-CDJBV
|c ESTANTERIA CERRADA
|f Donación
|k teresa.torres
|l 1
|m General
|p 19970610
|q 4.00
|t 91552
|b 0
|d CDRC
|e CDRC
|g 340.1 ESTANTERIA CERRADA
|z 1997-70-61
|
| 942 |
|
|
|c BK
|
| 999 |
|
|
|c 22904
|d 22904
|